D'où viennent ces paroles ? - Chansons francophones des années 70 - Statistiques

Statistiques générales
  • Ce quiz a été pris 96 fois
    64 depuis la dernière actualisation
  • Le résultat moyen est 10 sur 26
Statistiques - réponses
Hint Explanation Réponse % Correct
Il n'y a plus d'horloge, plus de clocher, dans le square les arbres sont couchés... Christophe (1974) Les mots bleus
64%
Je ferais des folies, pour arriver dans ton lit... Michel Delpech (1971) Pour un flirt
60%
Ils se sont cachés dans un grand champ de blé... Michel Fugain et Le Big Bazar (1972) Une belle histoire
58%
Cet air d'indifférence qui est sa défense, vous fais souvent offense... Julien Clerc (1978) Ma préférence
57%
À ce garçon beau comme un dieu, qui sans rien faire à mis le feu à ma mémoire... Charles Aznavour (1972) Comme ils disent
49%
Tu ressemblais à une aquarelle de Marie Laurencin... Joe Dassin (1975) L'Été indien
49%
Ça vous accroche des ailes blanches dans le dos, ça vous fait marcher sur des nuages... Claude François (1972) Chanson populaire
47%
Je l'ai conquis toute seule, il m'a offert toutes ses nuits... Véronique Sanson (1972) Besoin de personne
45%
Je vis dans une boîte à musique, électrique et fantastique, je vis en Chimérique... Michel Polnareff (1978) Lettre à France
45%
Dans toutes les gares j'attends les filles de salle... Serge Lama (1973) Les P'tites femmes de Pigalle
43%
Moi j'voudrais tous les voir crever, étouffés de dinde aux marrons... Renaud (1975) Hexagone
42%
Pour que la vie s'habille de fête, et que la nuit se change en jour... Marie Myriam (1977) L'Oiseau et l'Enfant
38%
Elles ont dans le regard, quelque chose d'un robot... Patrick Juvet (1977) Où sont les femmes
36%
Mes envies s'éteignent, je leur tourne le dos, et je m'endors doucement... France Gall (1977) Si maman si
36%
C'est la voix d'une enfant avec laquelle tu glaces mon sang... Johnny Hallyday (1976) Gabrielle
34%
L'air un peu trop sûr de soi que l'on prend à 16 ans... Dave (1975) Du côté de chez Swann
32%
Aussi vrai que nos corps seraient de la poussière, toi tu es mon soleil et mon envie... Mike Brant (1975) Laisse-moi t'aimer
32%
En elle je porte ma croix, et de leurs nuits ma nuit se fonde... Jean Ferrat (1971) Aimer à perdre la raison
30%
La nana, quel panard, quelle vibration de s'envoyer sur le paillasson... Plastic Bertrand (1977) Ça plane pour moi
30%
L'autre à qui l'on donnait du vent et des bijoux, pour qui l'on eût vendu son âme pour quelques sous... Léo Ferré (1971) Avec le temps
26%
Dédé au dodo, c'est bidon, moi doudou j'ai tous les dons... Carlos (1978) Rosalie
26%
Nageant dans le brouillard, enlacés, roulant dans l'herbe... Maxime Le Forestier (1972) San Francisco
26%
Sois mon premier fruit défendu, sois maladroit et moi docile... Marie Laforêt (1973) L'amour comme à 16 ans
23%
On va se faire des oeufs au jambon, du pain grillé, du café chaud... Sheila & Ringo (1973) Les gondoles à Venise
13%
Je me souviens comme si c'était hier, j'allais chez toi t'apporter du lilas... C. Jérôme (1974) C'est moi
11%
T'en fais pas trop pour la République, il faut laisser passer la musique... Nana Mouskouri (1976) Quand tu chantes
8%
Aucun quiz correspondant
Distribution des résultats
% des personnes avec chaque résultat
Percentile par nombre de réponses
Votre historique - résultats
Vous n’avez pas pris ce quiz depuis la dernière actualisation